[Event "Abu Dhabi op 25th"]
[Site "Abu Dhabi"]
[Date "2018.08.07"]
[Round "1"]
[White "Sarvesh Kumar, A."]
[Black "Ikeda, Junta"]
[Result "0-1"]
[WhiteElo "2145"]
[BlackElo "2419"]
[PlyCount "108"]
[EventDate "2018.08.07"]
[EventType "swiss"]
[EventRounds "9"]
[EventCountry "UAE"]
[SourceTitle "CBM 185 Extra"]
[Source "ChessBase"]
[SourceDate "2018.07.29"]
[SourceVersion "1"]
[SourceVersionDate "2018.07.29"]
[SourceQuality "1"]

1. e4 c5 2. Nf3 e6 3. d4 cxd4 4. Nxd4 a6 5. Bd3 Bc5 6. Nb3 Be7 7. Qg4 g6 8. Qe2 d6 9. 0-0 Nd7 10. f4 Qc7 11. Nc3 Ngf6 12. Be3 b5 13. a3 Bb7 14. Rad1 0-0 15. h3 Rfe8 16. Qf2 Rac8 17. g4 Qb8 18. g5 Nh5 19. Be2 Ng7 20. Bf3 Rf8 21. h4 f6 22. Qh2 Qa8 23. Na5 Rxc3 24. bxc3 Bxe4 25. Qg2 Bxf3 26. Qxf3 d5 27. Qe2 Qc8 28. Bd4 Nc5 29. Nb3 Ne4 30. Rd3 Nh5 31. Qg4 Bd6 32. Be3 f5 33. Qf3 Nxc3 34. Bc1 Ne4 35. Qg2 Qc7 36. Nd4 Kf7 37. Qh2 Rc8 38. Kh1 Qc4 39. Rff3 Bc5 40. c3 Bxd4 41. Rxd4 Qxd4 42. cxd4 Rxc1+ 43. Kg2 Rc2+ 44. Kg1 Rxh2 45. Kxh2 Ke7 46. a4 Kd6 47. axb5 axb5 48. Ra3 Kc6 49. Ra7 b4 50. Rxh7 b3 51. Rh8 Kb5 52. Kg2 Kc4 53. Kf3 b2 54. Rb8 b1Q 0-1

[Event "Mumbai Wealth op 3rd"]
[Site "Mumbai"]
[Date "2017.12.31"]
[Round "2"]
[White "Sarvesh Kumar, A."]
[Black "Vignesh, B."]
[Result "1-0"]
[WhiteElo "1877"]
[BlackElo "1728"]
[PlyCount "95"]
[EventDate "2017.12.30"]
[EventType "swiss"]
[EventRounds "9"]
[EventCountry "IND"]
[SourceTitle "CBM 182 Extra"]
[Source "ChessBase"]
[SourceDate "2018.02.23"]
[SourceVersion "1"]
[SourceVersionDate "2018.02.23"]
[SourceQuality "1"]

1. e4 c5 2. Nf3 Nc6 3. d4 cxd4 4. Nxd4 e5 5. Nb5 d6 6. N1c3 a6 7. Na3 Be6 8. Nd5 Nf6 9. Nxf6+ Qxf6 10. Be3 Be7 11. Bc4 0-0 12. Qe2 b5 13. Bd5 Rac8 14. c3 Bxd5 15. exd5 Na5 16. 0-0 Qg6 17. Bb6 Nb7 18. Nc2 Nc5 19. Nb4 Bd8 20. Bxc5 dxc5 21. Nc6 Re8 22. a4 Qd6 23. axb5 axb5 24. Qxb5 Bc7 25. c4 e4 26. g3 e3 27. Qb3 Qg6 28. Rfe1 Bf4 29. Qd1 Re4 30. Qf3 Rce8 31. Qxf4 f5 32. Qf3 f4 33. Rf1 e2 34. Rfe1 h5 35. Qd3 fxg3 36. fxg3 Qg4 37. d6 Qd7 38. Qd5+ R8e6 39. Ra8+ Kh7 40. Ne7 g6 41. Rf8 Kh6 42. Rh8+ Kg7 43. Qa8 Kf6 44. Rf8+ Kg5 45. Qd5+ Kg4 46. Kg2 R4e5 47. Qf3+ Kg5 48. Qf4# 1-0

[Event "Mumbai Wealth op 3rd"]
[Site "Mumbai"]
[Date "2017.12.30"]
[Round "1"]
[White "Joglekar, Abhijit"]
[Black "Sarvesh Kumar, A."]
[Result "0-1"]
[WhiteElo "1617"]
[BlackElo "1877"]
[PlyCount "96"]
[EventDate "2017.12.30"]
[EventType "swiss"]
[EventRounds "9"]
[EventCountry "IND"]
[SourceTitle "CBM 182 Extra"]
[Source "ChessBase"]
[SourceDate "2018.02.23"]
[SourceVersion "1"]
[SourceVersionDate "2018.02.23"]
[SourceQuality "1"]

1. e4 e5 2. Nf3 Nc6 3. Bb5 a6 4. Ba4 Nf6 5. 0-0 Be7 6. Re1 b5 7. Bb3 d6 8. c3 0-0 9. a4 Bg4 10. d3 Na5 11. Bc2 c5 12. Nbd2 Qc7 13. Nf1 Rfd8 14. h3 Be6 15. Bg5 h6 16. Bh4 Nc6 17. Rc1 d5 18. Qe2 d4 19. cxd4 Nxd4 20. Nxd4 Rxd4 21. axb5 axb5 22. Bb1 Qd6 23. f4 Nd7 24. Bf2 Rb4 25. f5 Ba2 26. Be3 c4 27. Red1 Qc7 28. Ng3 Bc5 29. Bxc5 Qxc5+ 30. Kh2 Nf6 31. dxc4 bxc4 32. Rc3 Bb3 33. Rdc1 Ra1 34. Nh5 Nxh5 35. Qxh5 Qf2 36. Rf3 Qd2 37. Rcf1 Bd1 38. f6 Bxf3 39. Rxf3 Qg5 40. Qxg5 hxg5 41. Bc2 Rxb2 42. Rc3 Rc1 43. Rg3 Rcxc2 44. Rxg5 g6 45. Rxe5 Rxg2+ 46. Kh1 Rgc2 47. Re8+ Kh7 48. Re7 Rc1# 0-1

[Event "Voronezh op-A 21st"]
[Site "Voronezh"]
[Date "2017.06.15"]
[Round "4"]
[White "Avalyan, Artur"]
[Black "Sarvesh Kumar, A."]
[Result "1-0"]
[WhiteElo "2249"]
[BlackElo "1905"]
[PlyCount "59"]
[EventDate "2017.06.12"]
[EventType "swiss"]
[EventRounds "9"]
[EventCountry "RUS"]
[SourceTitle "EXT 2018"]
[Source "ChessBase"]
[SourceDate "2017.10.13"]
[SourceVersion "1"]
[SourceVersionDate "2017.10.13"]
[SourceQuality "1"]

1. d4 Nf6 2. c4 e6 3. Nf3 b6 4. g3 Bb7 5. Bg2 Bb4+ 6. Bd2 c5 7. d5 Bxd2+ 8. Nfxd2 b5 9. Nc3 exd5 10. cxd5 a6 11. 0-0 d6 12. e4 0-0 13. Re1 Nbd7 14. f4 Re8 15. Kh1 c4 16. b4 cxb3 17. Nxb3 Rc8 18. Qd2 Qb6 19. h3 Rc4 20. Rac1 Nc5 21. Nxc5 Qxc5 22. e5 dxe5 23. fxe5 Nd7 24. Ne4 Qa7 25. Nd6 Rxc1 26. Qxc1 Rb8 27. e6 fxe6 28. Nxb7 Rxb7 29. dxe6 Rc7 30. exd7 1-0

[Event "Chennai op 9th"]
[Site "Chennai"]
[Date "2017.01.18"]
[Round "1"]
[White "Horvath, Adam"]
[Black "Sarvesh Kumar, A."]
[Result "1-0"]
[WhiteElo "2499"]
[BlackElo "1817"]
[PlyCount "85"]
[EventDate "2017.01.18"]
[EventType "swiss"]
[EventRounds "10"]
[EventCountry "IND"]
[SourceTitle "CBM 176 Extra"]
[Source "ChessBase"]
[SourceDate "2017.03.02"]
[SourceVersion "1"]
[SourceVersionDate "2017.03.02"]
[SourceQuality "1"]

1. e4 e5 2. Nf3 Nc6 3. Nc3 Nf6 4. Bb5 Bb4 5. 0-0 0-0 6. d3 d6 7. Ne2 Ne7 8. c3 Ba5 9. Ng3 c6 10. Ba4 Ng6 11. d4 Re8 12. Bc2 h6 13. h3 Bc7 14. Re1 Be6 15. Be3 d5 16. Nxe5 Nxe5 17. dxe5 Nxe4 18. Nxe4 dxe4 19. Qh5 Bd5 20. Bf4 f6 21. Bxe4 Bxe5 22. Bg6 Rf8 23. Bxe5 fxe5 24. Rxe5 Qb6 25. Qe2 Rf6 26. Re8+ Rxe8 27. Qxe8+ Rf8 28. Bh7+ Kxh7 29. Qxf8 Qxb2 30. Qf5+ Kh8 31. Rb1 Qxc3 32. Rxb7 Qe1+ 33. Kh2 Qe8 34. a4 a5 35. Rc7 Bg8 36. Qxa5 Bd5 37. Qc3 Qg6 38. Qg3 Qf6 39. a5 Bc4 40. Rc8+ Kh7 41. Qb8 Qxf2 42. Rh8+ Kg6 43. Qg3+ 1-0